| 000 | 01524nam0a2200349 4500 | ||
|---|---|---|---|
| 001 | RU\NLR\BIBL_A\022564902 | ||
| 005 | 20260420045646.0 | ||
| 010 |
_a978-5-16-112943-2 _bonline |
||
| 010 |
_a978-5-16-020375-1 _bprint _9500 |
||
| 021 |
_aRU _bКН-П-25-018800 _9КН-П-25-1909 |
||
| 035 | _a(NLR Aleph) 022564902 | ||
| 090 |
_a13675012 _c13675012 |
||
| 100 | _a20250610d2025 k y0rusy50 ca | ||
| 101 | 0 | _arus | |
| 102 | _aRU | ||
| 105 | _ay z 000yy | ||
| 181 | 0 |
_ai4 _baxxe |
|
| 182 | 0 | _an | |
| 200 | 1 |
_aРабочее время по трудовому праву России _eпродолжительность, распределение, учет _eмонография _fИ. И. Андриановская |
|
| 203 |
_aТекст _bвизуальный _cнепосредственный |
||
| 210 |
_aМосква _cИНФРА-М _d2025 |
||
| 215 |
_a177 с. _d21 |
||
| 225 | 1 |
_aНаучная мысль _iПраво |
|
| 300 | _aНа 4-й с. обл. авт.: Андриановская И. И., д-р юрид. наук, доц. | ||
| 320 | _aБиблиогр.: с. 171-176 (104 назв.) и в подстроч. примеч. | ||
| 606 | 1 |
_aРабочее время _xПравовое регулирование _yРоссийская Федерация _92078787 _3RU\NLR\AUTH\661254652 |
|
| 686 | 1 | _aХ627.21 | |
| 700 | 1 |
_aАндриановская _bИ. И. _gИрина Ивановна |
|
| 942 | _cBOOK | ||
| 980 | _aNB | ||